বিশ বছর পর / (Record no. 2162)
[ view plain ]
| 000 -LEADER | |
|---|---|
| fixed length control field | 00721nam a2200229 a 4500 |
| 001 - CONTROL NUMBER | |
| JCCL Control Number | 2162 |
| 003 - CONTROL NUMBER IDENTIFIER | |
| JCCL marc code | BD-JhCC |
| 005 - DATE AND TIME OF LATEST TRANSACTION | |
| control field | 20171031123519.0 |
| 008 - FIXED-LENGTH DATA ELEMENTS--GENERAL INFORMATION | |
| fixed length control field | 171030s2014 bg a|||| ||a| 000 0 ben d |
| 020 ## - INTERNATIONAL STANDARD BOOK NUMBER | |
| International Standard Book Number | 9847010503546 |
| 035 ## - SYSTEM CONTROL NUMBER | |
| system control number | (BD-JhCC)2162 |
| 040 ## - CATALOGING SOURCE | |
| Original cataloging agency | BD-JhCC |
| Modifying agency | BD-JhCC |
| 041 ## - LANGUAGE CODE | |
| Language code of Book | ben |
| 082 ## - DEWEY DECIMAL CLASSIFICATION NUMBER | |
| Classification number | 954.92 |
| Author mark and Year | BIS 2014 |
| 245 ## - TITLE STATEMENT | |
| Title | বিশ বছর পর / |
| Statement of responsibility, etc | মুহম্মদ জাফর ইকবাল সম্পদিত |
| 260 ## - PUBLICATION, DISTRIBUTION, ETC. (IMPRINT) | |
| Place of publication, distribution, etc | ঢাকা : |
| Name of publisher, distributor, etc | অনন্যা প্রকাশনী, |
| Date of publication, distribution, etc | ২০১৪. |
| 300 ## - PHYSICAL DESCRIPTION | |
| Pagination | 142 p. : |
| Other physical details | ill. ; |
| Dimensions | 21 cm |
| 650 ## - SUBJECT ADDED ENTRY--TOPICAL TERM | |
| Topical term or geographic name as entry element | History Of Bangladesh |
| 700 ## - ADDED ENTRY--PERSONAL NAME | |
| Personal name | ইকবাল, মুহম্মদ জাফর |
| 942 ## - ADDED ENTRY ELEMENTS (KOHA) | |
| Source of classification or shelving scheme | Dewey Decimal Classification |
| Koha item type | Books |
| Source of classification or shelving scheme | Damaged status | Not for loan | Home library | Current library | Shelving location | Date of accession | Source of acquisition | Cost, normal purchase price | Total Checkouts | Full call number | Barcode | Date last seen | Date checked out | Copy number | Koha item type |
|---|---|---|---|---|---|---|---|---|---|---|---|---|---|---|---|
| Dewey Decimal Classification | JCC Rouf Library | JCC Rouf Library | Reference | 10/30/2017 | IPDC | 200.00 | 1 | 954.92 BIS 2014 | 2366 | 12/11/2019 | 11/19/2019 | C-1 | Books |